| 000 | 00641nam a22001697a 4500 | ||
|---|---|---|---|
| 008 | 260327b |||||||| |||| 00| 0 eng d | ||
| 020 | _a9780128170526 | ||
| 050 |
_aSF55 _b.A55 2022 |
||
| 245 |
_aAnimal agriculture : _bsustainability, challenges and innovations / _cedited by Fuller W. Bazer.,G. Cliff Lamb, Guoyao Wu |
||
| 260 |
_aSan Diego : _bElsevier, _c2020. |
||
| 300 |
_axvi, 541p. : _bill. ; _c24 cm. |
||
| 504 | _aInclude bibliographical references and index | ||
| 650 | _aAnimal culture. | ||
| 650 | _aLivestock Environmental aspects | ||
| 650 | _aSustainable agriculture | ||
| 942 |
_2lcc _hSF55 .A55 2022 _cBOOKS |
||
| 999 |
_c32397 _d32397 |
||